|
|
|
|
| LEADER |
03290nam a22003497a 4500 |
| 001 |
44991 |
| 003 |
BD-DhAAL |
| 008 |
251030t2013 xxuabc b 001 0 eng d |
| 020 |
|
|
|a 9781479773251 (softcover)
|
| 020 |
|
|
|a 9781479773268 (hardcover)
|
| 020 |
|
|
|a 9781479773275 (eBook)
|
| 040 |
|
|
|a BD-DhAAL
|c BD-DhAAL
|
| 082 |
|
|
|a 306.362
|2 23
|
| 100 |
|
|
|a Datta, Ansu,
|d 1928-
|9 59755
|
| 245 |
|
|
|a From Bengal to the Cape :
|b Bengali slaves in South Africa from 17th to 19th century /
|c Ansu Datta.
|
| 260 |
|
|
|a [United States?] :
|b Xlibris Corporation,
|c 2013.
|
| 300 |
|
|
|a 178 pages :
|b illustrations, maps, portraits ;
|c 23 cm
|
| 504 |
|
|
|a Includes bibliographical references and index.
|
| 505 |
|
|
|a Introduction -- Export of Bengali slaves to the Cape -- Early beginning -- Bengali slaves? Who were they? -- Bengali slave owners -- Slave trade modalities -- Preferences for slaves -- Demographic profile -- Conditions in which Bengali slaves lived and worked -- Common slave culture? -- Protest, resistance, and revolt -- Incorporation of Bengali slaves into mainstream Cape society -- Malays vs. Indians as the core Coloured group -- Conclusion -- Sources -- End notes -- Appendices.
|
| 520 |
|
|
|a "In From Bengal to the Cape, Professor Ansu Datta opens up a hitherto little researched topic of transoceanic slave trade between mainly southern Bengal and the Cape in the Republic of South Africa. This migration took place between roughly the 1650s and about the middle of the nineteenth century when the slave trade was finally abolished. The book offers a short account of the condition in which the Bengali slaves found themselves and in the Cape peninsular society following their dispersal during these early times. It highlights new social formations in the Cape society, especially among the Coloured in South Africa"--Back cover.
|
| 526 |
|
|
|a ENH
|x Gazi Md. Mizanur Rahman
Assistant Professor,
Department of English and Humanities
BRAC University
Course name: Global Migration & Transnational Community (HST 408)
|
| 541 |
|
|
|a Book Finder International
|e 44991, 44992
|
| 650 |
|
|
|a Slavery
|z South Africa
|z Cape of Good Hope.
|9 59756
|
| 650 |
|
|
|a Enslaved persons
|z India
|z Bengal
|x History.
|9 59757
|
| 650 |
|
|
|a Enslaved persons
|z South Africa
|z Cape of Good Hope
|v Biography.
|9 59758
|
| 651 |
|
|
|a Bengal (India).
|x History.
|
| 651 |
|
|
|a Cape of Good Hope (South Africa)
|x History.
|9 59759
|
| 852 |
|
|
|a Ayesha Abed Library
|c General Stacks
|
| 942 |
|
|
|c BK
|2 ddc
|
| 999 |
|
|
|c 47613
|d 47613
|
| 952 |
|
|
|0 0
|1 0
|2 ddc
|4 0
|6 306_362000000000000_DAT
|7 0
|9 78411
|a BRACUL
|b BRACUL
|c GEN
|d 2025-10-27
|e Book Finder International
|g 4721.00
|l 1
|o 306.362 DAT
|p 3010044992
|r 2025-12-21
|s 2025-12-14
|t 2
|v 9442.00
|w 2025-10-27
|y BK
|x Requisitioned by Gazi Md. Mizanur Rahman (Assistant Professor, Department of English and Humanities, BRAC University) for the course named- 'Global Migration & Transnational Community (HST 408)'
|
| 952 |
|
|
|0 0
|1 0
|2 ddc
|4 0
|6 306_362000000000000_DAT
|7 0
|9 78412
|a BRACUL
|b BRACUL
|c NEW
|d 2025-10-27
|e Book Finder International
|g 4721.00
|l 0
|o 306.362 DAT
|p 3010044991
|r 2025-10-27
|t 1
|v 9442.00
|w 2025-10-27
|y BK
|x Requisitioned by Gazi Md. Mizanur Rahman (Assistant Professor, Department of English and Humanities, BRAC University) for the course named- 'Global Migration & Transnational Community (HST 408)'
|